Nghiên cứu chiết tách Carotenoid trong màng đỏ quả gấc ở huyện Hòa Vang- Đà Nẵng
Khảo sát điều kiện chiết tách dầu gấc. Xác định các nhóm chức hóa học trong dầu gấc. Đóng góp vào nguồn thông tin tư liệu khoa học về quả gấc, tạo tiên đề cho những nghiên cứu sâu hơn các đề tài về gấc sau này. Chiết tách carotenoid từ dầu gấc...
Tallennettuna:
| Päätekijä: | |
|---|---|
| Muut tekijät: | |
| Aineistotyyppi: | Kirja |
| Julkaistu: |
Đà Nẵng
Đại học Sư phạm, Đại học Đà Nẵng
2012
|
| Aiheet: | |
| Tagit: |
Lisää tagi
Ei tageja, Lisää ensimmäinen tagi!
|
| Thư viện lưu trữ: | Mạng thư viện Đại học Đà Nẵng |
|---|
| LEADER | 01889nam a2200337 4500 | ||
|---|---|---|---|
| 001 | 000017586 | ||
| 003 | 14005 | ||
| 005 | 20130510100521.0 | ||
| 008 | 130426s2012 sd | ||
| 082 | |a 615.19 |b HÔ-A | ||
| 100 | 1 | |a Hồ Thị Kim Ánh | |
| 245 | |a Nghiên cứu chiết tách Carotenoid trong màng đỏ quả gấc ở huyện Hòa Vang- Đà Nẵng |c Hồ Thị Kim Ánh ; Võ Kim Thành hướng dẫn |k Khóa luận tốt nghiệp | ||
| 260 | |a Đà Nẵng |b Đại học Sư phạm, Đại học Đà Nẵng |c 2012 | ||
| 300 | |a 48 tr. |b Hình mh. |c 29 cm. |e Đĩa CD, bản tóm tắt | ||
| 500 | |a Khóa luận tốt nghiệp đại học. Chuyên ngành: Cử nhân Hóa Dược | ||
| 504 | |a Mục lục đầu trang, tài liệu tham khảo tr. 73 - 74, phụ lục [13 tr.] | ||
| 520 | |a Khảo sát điều kiện chiết tách dầu gấc. Xác định các nhóm chức hóa học trong dầu gấc. Đóng góp vào nguồn thông tin tư liệu khoa học về quả gấc, tạo tiên đề cho những nghiên cứu sâu hơn các đề tài về gấc sau này. Chiết tách carotenoid từ dầu gấc | ||
| 600 | 1 | 4 | |b Vua |c Đinh Tiên Hoàng |
| 650 | 0 | 4 | |a Carotenoid |a Màng đỏ quả gấc |v Khóa luận tốt nghiệp |x Nghiên cứu, chiết tách |z Đà Nẵng |
| 653 | |a Khoa Hóa học |a Carotenoid |a Màng đỏ quả gấc | ||
| 700 | |a Võ Kim Thành |e Hướng dẫn | ||
| OWN | |a LSP | ||
| AVA | |a UDN50 |b LSP |d 615.19 HÔ-A |e available |t Error 5001 Not defined in file expand_doc_bib_avail. |f 1 |g 0 |h N |i 0 |k 1 | ||
| 999 | |a From the UDN01 | ||
| AVA | |a UDN50 |b LSP |d 615.19 HÔ-A |e available |t Error 5001 Not defined in file expand_doc_bib_avail. |f 1 |g 0 |h N |i 0 |k 1 | ||
| TYP | |a Monograph | ||
| TYP | |a Printed language | ||
| 980 | |a Mạng thư viện Đại học Đà Nẵng | ||